[Event "NOR-chB"]
[Site "Oslo"]
[Date "2023.07.01"]
[Round "1"]
[White "Jorgensen, Catherine"]
[Black "Evensen, Per Erik"]
[Result "0-1"]
[WhiteElo "1256"]
[BlackElo "1385"]
[PlyCount "114"]
[EventDate "2023.06.30"]
[EventType "swiss"]
[EventRounds "9"]
[EventCountry "NOR"]
[SourceTitle "EXT 2024"]
[Source "ChessBase"]
[SourceDate "2023.10.10"]
[SourceVersion "1"]
[SourceVersionDate "2023.10.10"]
[SourceQuality "1"]

1. d4 Nf6 2. c4 e6 3. Nf3 d5 4. g3 Bd6 5. Bg2 Nbd7 6. Qc2 0-0 7. c5 Be7 8. 0-0 c6 9. Nc3 Re8 10. Bf4 Nf8 11. Ne5 N6d7 12. Nd3 Ng6 13. Be3 e5 14. dxe5 Ndxe5 15. Bd4 Bf6 16. Nxe5 Bxe5 17. Rad1 Qf6 18. e3 Bf5 19. Qb3 Bxd4 20. Rxd4 Re7 21. a4 Rae8 22. Qd1 Nf8 23. Re1 Ne6 24. Rd2 Nxc5 25. Ne2 Ne4 26. Rd4 Bg6 27. Nf4 Bf5 28. h4 Nd6 29. b3 Be4 30. Qd2 Bxg2 31. Kxg2 Ne4 32. Qc2 g5 33. hxg5 Qxg5 34. Rh1 f5 35. Rh5 Qf6 36. Qc1 Rg7 37. Rh3 Qf7 38. b4 Ng5 39. Rh4 Ne6 40. Nxe6 Rxe6 41. Qd1 Re4 42. Rdxe4 fxe4 43. Qd4 Qf3+ 44. Kf1 Rxg3 45. Rh2 Qf7 46. Qxa7 Rf3 47. Qb8+ Qf8 48. Rg2+ Kh8 49. Qe5+ Rf6 50. Rg5 Qf7 51. Rf5 Kg7 52. Rg5+ Kh8 53. Rf5 Kg7 54. Rg5+ Kh8 55. Rf5 Kg7 56. Qg3+ Kh8 57. Qe5 Kg7 0-1